Responses for show #5119 - Thursday, December 7, 2006

Christian Haines game 2.

Contestants

Kate Harvey, a family law attorney from Colorado Springs, Colorado

Dan McMurray, a law student from Whitefish Bay, Wisconsin

Christian Haines, a Congressional special assistant from Newport News, Virginia (whose 1-day cash winnings total $21,999)

Jeopardy! Round responses

RELIGIOUS LEADERS
'80s BANDS IN OTHER WORDS
AMERICANA
THE WEASEL FAMILY
DUOS
FAMILIAR PHRASES
    $200 1
Brigham Young

Christian
    $200 6
Guns N' Roses

Kate
    $200 11
Colorado

Dan
    $200 26
mink

Christian
    $200 21
William & Mary

Christian
    $200 16
Time

Christian
    $400 2
Dalai Lama

Christian
    $400 7
Def Leppard

Christian
    $400 12
(Alex: Somehow it doesn't seem to fit. He was talking about [*].)

New York City

Triple Stumper
    $400 27
sea otter

Christian
    $400 22
(Alex: [After reading the clue] ...that'll teach 'em.)

Ferdinand & Isabella

Dan
    $400 17
the dust

Kate
    $600 3
Mohammad

Dan
    $600 8
B-52's

Christian
    $600 13
Washington, D.C.

Christian
    $600 28
wolverine

Kate
    $600 23
(Christian: [long pause])
(Alex: Oooh...)
(Christian: Who are [*]?)
(Alex: ...Yes, and you got it in just in the nick of time. A little mental block there for a moment.)

Fred Astaire & Ginger Rogers

Christian
    $600 18
April showers bring May flowers

Kate
    $1,000 4
Martin Luther

Dan
    $800 9
Twisted Sister

Kate
    $800 14
Vermont

Christian
    $800 29
(Kate: What is the meerkat?)

polecat

Kate
Triple Stumper
    $800 24
Lewis & Clark

Dan
    $800 19
swan song

Triple Stumper
    $1000 5
Billy Sunday

Kate
    $1000 10
Men Without Hats

Kate
    $1000 15
(Christian: What is the Connecticut River?)
...
(Alex: Just below New London? The [*]. The [*]. All right, we're going to take a break. Back in a moment!)

Thames River

Christian
Triple Stumper
    $1000 30
(Alex: And that would be the cute little [*]. [Makes animal noises, laughter] Okay... [Shakes head] It's one of those days. [Laughter] Dan will go first when we come back, if I'm still here.)

ferret

Triple Stumper
    $1000 25
Strunk & White

Christian
    $1000 20
survival of the fittest

Kate

Scores at the first commercial break (after clue 15):

Christian Dan Kate
$2,000 $1,800 $3,000

Scores at the end of the Jeopardy! Round:

Christian Dan Kate
$4,600 $3,000 $4,800

Double Jeopardy! Round responses

THOMAS JEFFERSON'S READING LIST
(Alex: These are books he thought belonged in every gentleman's library.)
OBIE WINNERS
AMENDMENTS BY NUMBER
"C" PLUS
THE FAST
& THE FURIOUS
    $400 16
Don Quixote

Christian
    $400 26
Vanya

Christian
    $400 11
2nd Amendment

Christian
    $400 2
crossword puzzles

Christian
    $400 1
Mark Spitz

Christian
    $400 21
Montgomery Burns

Christian
    $800 17
(Kate: What is Britain?)
(Alex: No.)
(Kate: ...[*]?
(Alex: [*]. We'll give to you.)
[Later ruled incorrect]

England

Kate
Triple Stumper
    $800 27
(Kate: What is Brazil?)
...
(Alex: Correct answer: The Boys from [*]. Brazil was something else.)

Syracuse

Kate
Triple Stumper
    $800 12
13th Amendment

Dan
    $800 3
Concord

Christian
    $800 4
Joe Louis

Christian
    $800 22
Nikita Khrushchev

Dan
    $1200 18
law

Dan
    $1200 28
Prelude

Christian
    $1200 13
4th Amendment

Christian
    $1200 5
core

Dan
    $1200 8
speed skating

Dan
    $4,000 23
(Dan: Who is... Hercules?)

Othello

Dan
    $2,500 19
(Alex: Dan, you're in second place at the moment--before you decide how much of your $5,800 you're going to risk, I have a correction in the score to announce, and Kate, it's going to affect you. I'm informed by our judges that you changed your response from Britain to England a little after I had said no, my initial ruling on your response. So you lose the $1,600, you're at $4,000. The scores are now correct, Dan, what are you going to do?)

Adam Smith

Dan
    $1600 14
(Dan: What is the 6th Amendment?)

7th Amendment

ChristianDan
    $1600 6
Chopin

Christian
    $1600 9
(Christian: Who is Kyle Petty?)

Jeff Gordon

Christian
Triple Stumper
    $1600 24
Percy Shelley

Kate
    $2000 20
Seneca

Triple Stumper
    $2000 15
18th Amendment

Christian
    $2000 7
crystals

Triple Stumper
    $2000 10
Secretariat

Christian
    $2000 25
The Threepenny Opera

Christian

Scores at the end of the Double Jeopardy! Round:

Christian Dan Kate
$18,600 $5,100 $4,800
(lock game)

[wagering suggestions for these scores]

Final Jeopardy! Round responses

WORLD GEOGRAPHY
(Alex: If you were able to think back to World War II and Hitler, you would have remembered references to the Sudetenland, and maybe that would have helped you in this Final.)
...
(Alex: You are absolutely right, I hope you risked a bundle. [Wager revealed, laughter] What!? 401 bucks!? All right, you wind up with $19,001 today and a two-day total of $41,000--well done! He's a good player. He'll be back again tomorrow. We'll see you then.)
KateWhat are France & Italy
$4,700
DanWhat are Czech Republic and Slovakia?
$4,501
ChristianWhat are Germany & the Czech Republic?
$401
Germany & the Czech Republic

Final scores:

Christian Dan Kate
$19,001 $599 $100
2-day champion: $41,000 2nd place: $2,000 3rd place: $1,000

Game dynamics:

Coryat scores:

Christian Dan Kate
$18,600 $8,000 $4,800
27 R,
2 W
11 R
(including 2 DDs),
2 W
(including 1 DD)
9 R,
3 W

Combined Coryat: $31,400

The J! Archive is created by fans, for fans. The Jeopardy! game show and all elements thereof, including but not limited to copyright and trademark thereto, are the property of Jeopardy Productions, Inc. and are protected under law. This website is not affiliated with, sponsored by, or operated by Jeopardy Productions, Inc. Join the discussion at JBoard.tv.